Fundamentals of chemical reaction engineering

Kaydedildi:
Detaylı Bibliyografya
Yazar: Davis, Mark E
Materyal Türü: Kitap
Dil:Undetermined
Baskı/Yayın Bilgisi: Boston McGraw-Hill 2003
Konular:
Etiketler: Etiketle
Etiket eklenmemiş, İlk siz ekleyin!
Thư viện lưu trữ: Trung tâm Học liệu Trường Đại học Cần Thơ
LEADER 00522nam a2200193Ia 4500
001 CTU_65523
008 210402s9999 xx 000 0 und d
020 |b 600000 
082 |a 660.28 
082 |b D496 
100 |a Davis, Mark E 
245 0 |a Fundamentals of chemical reaction engineering 
245 0 |c Mark E Davis, Robert J. Davis 
260 |a Boston 
260 |b McGraw-Hill 
260 |c 2003 
650 |a Chemical processes 
904 |i TUYẾN 
980 |a Trung tâm Học liệu Trường Đại học Cần Thơ